| 000 | 00380 a2200169 4500 | ||
|---|---|---|---|
| 001 | 70330 | ||
| 020 | _a8532252214 | ||
| 040 | _cAnchieta - Itaigara | ||
| 100 | _aSilveira, Maria José | ||
| 240 | 1 | 0 |
_aUma cidade de carne e osso _lpor |
| 245 | 1 | 0 | _aUma cidade de carne e osso |
| 300 | _a107 | ||
| 362 | 0 | _a2004 | |
| 440 | 1 | _aFTD | |
| 650 | 4 | _aLiteratura juvenil | |
| 942 | _cBK | ||
| 999 |
_c70330 _d70330 |
||